[Event "BL2 West 1314 (Women)"]
[Site "Germany"]
[Date "2013.12.01"]
[Round "2.5"]
[White "Raus, Christina"]
[Black "Wille, Julia"]
[Result "0-1"]
[WhiteElo "1440"]
[BlackElo "1629"]
[PlyCount "78"]
[EventDate "2013.11.30"]
[EventType "team-tourn"]
[EventRounds "7"]
[EventCountry "GER"]
[SourceTitle "EXT 2018"]
[Source "ChessBase"]
[SourceDate "2017.10.13"]
[SourceVersion "1"]
[SourceVersionDate "2017.10.13"]
[SourceQuality "1"]
[WhiteTeam "Steinfurt (W)"]
[BlackTeam "Krefeld Turm (W)"]
[WhiteTeamCountry "GER"]
[BlackTeamCountry "GER"]

1. d4 g6 2. c4 Bg7 3. Bf4 d6 4. Nc3 Nd7 5. e3 e5 6. dxe5 Nxe5 7. Rc1 Be6 8. b3 Ne7 9. Nf3 0-0 10. Be2 c6 11. Nxe5 dxe5 12. Qxd8 Raxd8 13. Bg5 f6 14. Bh4 Rd7 15. 0-0 Nf5 16. Bg3 Rfd8 17. Rfd1 Nxg3 18. hxg3 f5 19. Rxd7 Rxd7 20. Rd1 Kf7 21. Rxd7+ Bxd7 22. e4 Ke7 23. Bd3 Kd6 24. b4 Bh6 25. a3 Bc1 26. Nb1 fxe4 27. Bxe4 Bf5 28. Bxf5 gxf5 29. Kf1 b5 30. cxb5 cxb5 31. Ke2 Kd5 32. Kd3 Bb2 33. Nc3+ Bxc3 34. Kxc3 Ke4 35. Kd2 Kd4 36. Kc2 Kc4 37. f3 h5 38. Kb2 Kd3 39. Kb3 e4 0-1

[Event "BL2 West 1213 (Women)"]
[Site "Germany"]
[Date "2012.12.02"]
[Round "4.5"]
[White "Wille, Julia"]
[Black "Ruiz, Kim"]
[Result "0-1"]
[WhiteElo "1680"]
[BlackElo "1250"]
[PlyCount "92"]
[EventDate "2012.10.06"]
[EventType "team-tourn"]
[EventRounds "7"]
[EventCountry "GER"]
[SourceTitle "EXT 2018"]
[Source "ChessBase"]
[SourceDate "2017.10.13"]
[SourceVersion "1"]
[SourceVersionDate "2017.10.13"]
[SourceQuality "1"]
[WhiteTeam "Krefeld Turm (W)"]
[BlackTeam "Quickborn Holstein (W)"]
[WhiteTeamCountry "GER"]
[BlackTeamCountry "GER"]

1. c4 Nf6 2. Nc3 b6 3. d4 e6 4. e3 Bb4 5. Bd2 Bb7 6. a3 Bxc3 7. Bxc3 d6 8. Nf3 Nbd7 9. g3 a5 10. Bg2 0-0 11. 0-0 Rb8 12. Qe2 g6 13. Nd2 Bxg2 14. Kxg2 Nh5 15. h4 Ng7 16. Rh1 Nf6 17. g4 h5 18. f3 Qe7 19. e4 Nd7 20. Qe3 Ra8 21. Rag1 Kh7 22. e5 d5 23. Kf2 Rh8 24. gxh5 Nxh5 25. Rh2 Kg7 26. cxd5 exd5 27. Nb1 Nb8 28. Bd2 Nc6 29. Qc3 Qd7 30. Rc1 Ne7 31. Qxc7 Qxc7 32. Rxc7 Nf5 33. e6 Rac8 34. Rxf7+ Kg8 35. Rg2 Nxh4 36. Rg4 Ng7 37. Nc3 Nxe6 38. Re7 Nc7 39. Bg5 Nf5 40. Rd7 Rh2+ 41. Kg1 Rxb2 42. Bf6 Ne6 43. Rxg6+ Kf8 44. Rg2 Rxg2+ 45. Kxg2 Rxc3 46. Rxd5 Ne3+ 0-1

[Event "BL2 West 1112 (Women)"]
[Site "Germany"]
[Date "2011.10.29"]
[Round "1.5"]
[White "Wille, Julia"]
[Black "Hielscher, Ursula"]
[Result "1-0"]
[WhiteElo "1673"]
[BlackElo "1876"]
[PlyCount "59"]
[EventDate "2011.10.29"]
[EventType "team-tourn"]
[EventRounds "7"]
[EventCountry "GER"]
[SourceTitle "EXT 2013"]
[Source "ChessBase"]
[SourceDate "2012.11.22"]
[SourceVersion "1"]
[SourceVersionDate "2012.11.22"]
[SourceQuality "1"]
[WhiteTeam "Krefeld Turm (W)"]
[BlackTeam "Kiel Doppelbauer (W)"]
[WhiteTeamCountry "GER"]
[BlackTeamCountry "GER"]

1. c4 e6 2. Nc3 Nf6 3. g3 d5 4. cxd5 exd5 5. Bg2 c6 6. d4 Bf5 7. Nf3 Bd6 8. 0-0 0-0 9. Re1 h6 10. b3 Bb4 11. Bd2 Re8 12. Na4 Ba3 13. b4 b5 14. Qb3 Bxb4 15. Bxb4 bxa4 16. Qxa4 Qb6 17. e3 a5 18. Bc5 Qc7 19. Rac1 Bd3 20. Qa3 Bf5 21. Bd6 Qb7 22. Ne5 Rc8 23. Re2 Nbd7 24. Rb2 Nb6 25. Qc5 Na4 26. Rxb7 Nxc5 27. Bxc5 Ne4 28. Bxe4 Bxe4 29. f3 Bf5 30. Rxf7 1-0

[Event "NRW-ch U18 Girls"]
[Site "Kranenburg"]
[Date "2009.04.14"]
[Round "3"]
[White "Schuetten, Annalisa"]
[Black "Wille, Julia"]
[Result "0-1"]
[WhiteElo "1477"]
[BlackElo "1548"]
[PlyCount "64"]
[EventDate "2009.04.13"]
[EventType "swiss"]
[EventRounds "7"]
[EventCountry "GER"]
[SourceTitle "EXT 2010"]
[Source "ChessBase"]
[SourceDate "2010.11.25"]
[SourceVersion "1"]
[SourceVersionDate "2010.11.25"]
[SourceQuality "1"]

1. e4 g6 2. Nf3 Bg7 3. Bc4 d6 4. d4 Nf6 5. Qe2 0-0 6. c3 c6 7. Bd3 Qc7 8. Bf4 Nbd7 9. Nbd2 e5 10. Bg3 Nh5 11. Qe3 Nxg3 12. hxg3 Nf6 13. 0-0-0 exd4 14. Nxd4 Re8 15. f3 a5 16. Qe2 a4 17. f4 a3 18. b3 Bd7 19. N4f3 b5 20. Nf1 Qa5 21. Qc2 Ng4 22. b4 Qb6 23. Rd2 Rec8 24. Qb3 Be6 25. c4 bxc4 26. Bxc4 d5 27. Rc2 dxc4 28. Rxc4 Bb2+ 29. Kb1 Rd8 30. Ng5 Bxc4 31. Qxc4 Rd1+ 32. Kc2 Rc1+ 0-1

[Event "NRW-ch U18 Girls"]
[Site "Kranenburg"]
[Date "2008.03.28"]
[Round "6"]
[White "Stalder, Mandy"]
[Black "Wille, Julia"]
[Result "1/2-1/2"]
[WhiteElo "1228"]
[BlackElo "1398"]
[PlyCount "64"]
[EventDate "2008.03.24"]
[EventType "swiss"]
[EventRounds "7"]
[EventCountry "GER"]
[SourceTitle "EXT 2009"]
[Source "ChessBase"]
[SourceDate "2008.11.26"]
[SourceVersion "1"]
[SourceVersionDate "2008.11.26"]
[SourceQuality "1"]

1. e4 d6 2. Nc3 Nf6 3. g3 g6 4. Bg2 Bg7 5. d3 0-0 6. Be3 e5 7. Qd2 Re8 8. 0-0-0 c6 9. d4 Qc7 10. dxe5 dxe5 11. f4 exf4 12. Bxf4 Qe7 13. h4 h5 14. Bh6 Ng4 15. Bxg7 Kxg7 16. Bf3 Na6 17. Nh3 Qc5 18. Qd4+ Qxd4 19. Rxd4 Be6 20. Nf4 Nc7 21. Nxe6+ Nxe6 22. Rd2 Rad8 23. Bxg4 hxg4 24. h5 Nc5 25. Rxd8 Rxd8 26. hxg6 Kxg6 27. Rh4 Kg5 28. Rh7 Rd7 29. Rg7+ Kh5 30. Rh7+ Kg6 31. Rh4 f5 32. exf5+ Kg5 1/2-1/2